|
|
|
|
| LEADER |
02749nam a2200541 4500 |
| 001 |
978-3-662-48297-1 |
| 003 |
DE-He213 |
| 005 |
20200229073426.0 |
| 007 |
cr nn 008mamaa |
| 008 |
190225s2019 gw | s |||| 0|eng d |
| 020 |
|
|
|a 9783662482971
|9 978-3-662-48297-1
|
| 024 |
7 |
|
|a 10.1007/978-3-662-48297-1
|2 doi
|
| 040 |
|
|
|d GrThAP
|
| 050 |
|
4 |
|a QE38
|
| 072 |
|
7 |
|a PSAF
|2 bicssc
|
| 072 |
|
7 |
|a SCI031000
|2 bisacsh
|
| 072 |
|
7 |
|a PSAF
|2 thema
|
| 082 |
0 |
4 |
|a 333.7
|2 23
|
| 245 |
1 |
0 |
|a Observation and Measurement of Ecohydrological Processes
|h [electronic resource] /
|c edited by Xin Li, Harry Vereecken.
|
| 250 |
|
|
|a 1st ed. 2019.
|
| 264 |
|
1 |
|a Berlin, Heidelberg :
|b Springer Berlin Heidelberg :
|b Imprint: Springer,
|c 2019.
|
| 300 |
|
|
|a 173 illus., 132 illus. in color. eReference.
|b online resource.
|
| 336 |
|
|
|a text
|b txt
|2 rdacontent
|
| 337 |
|
|
|a computer
|b c
|2 rdamedia
|
| 338 |
|
|
|a online resource
|b cr
|2 rdacarrier
|
| 347 |
|
|
|a text file
|b PDF
|2 rda
|
| 490 |
1 |
|
|a Ecohydrology,
|x 2522-8242 ;
|v 2
|
| 505 |
0 |
|
|a Ecohydrological indicators in water resources management -- Monitoring technologies -- Measurement techniques -- Characterization/measuring strategies in different hydrological systems -- Ecohydrological assessment tools.
|
| 520 |
|
|
|a This volume will discuss the state of the art of different observation and measurement techniques useful for ecohydrological studies. The techniques cover the entire spectrum of the water-soil-plant-atmosphere continuum. And the other volumes are "Water and Ecosystems", "Water-Limited Environments" and "Integrated Ecohydrological Modeling" etc.
|
| 650 |
|
0 |
|a Geoecology.
|
| 650 |
|
0 |
|a Environmental geology.
|
| 650 |
|
0 |
|a Hydrology.
|
| 650 |
|
0 |
|a Hydrogeology.
|
| 650 |
|
0 |
|a Ecosystems.
|
| 650 |
1 |
4 |
|a Geoecology/Natural Processes.
|0 http://scigraph.springernature.com/things/product-market-codes/U21006
|
| 650 |
2 |
4 |
|a Hydrology/Water Resources.
|0 http://scigraph.springernature.com/things/product-market-codes/211000
|
| 650 |
2 |
4 |
|a Hydrogeology.
|0 http://scigraph.springernature.com/things/product-market-codes/G19005
|
| 650 |
2 |
4 |
|a Ecosystems.
|0 http://scigraph.springernature.com/things/product-market-codes/L1904X
|
| 700 |
1 |
|
|a Li, Xin.
|e editor.
|4 edt
|4 http://id.loc.gov/vocabulary/relators/edt
|
| 700 |
1 |
|
|a Vereecken, Harry.
|e editor.
|4 edt
|4 http://id.loc.gov/vocabulary/relators/edt
|
| 710 |
2 |
|
|a SpringerLink (Online service)
|
| 773 |
0 |
|
|t Springer Nature eReference
|
| 776 |
0 |
8 |
|i Printed edition:
|z 9783662482988
|
| 776 |
0 |
8 |
|i Printed edition:
|z 9783662482964
|
| 830 |
|
0 |
|a Ecohydrology,
|x 2522-8242 ;
|v 2
|
| 856 |
4 |
0 |
|u https://doi.org/10.1007/978-3-662-48297-1
|z Full Text via HEAL-Link
|
| 912 |
|
|
|a ZDB-2-EES
|
| 950 |
|
|
|a Earth and Environmental Science (Springer-11646)
|